Indonesian Provinces with Cardinal Directions in Their Name (on a Map) - Statistics

General Stats
  • This quiz has been taken 37 times
  • The average score is 17 of 20
Answers on the Map
Answers color-coded by a green-red scale on the quiz's map according to % correct below.
 
Answer Stats
Province % Correct
North Sumatra
97%
South Sumatra
93%
West Papua
93%
West Sumatra
93%
Central Java
90%
East Java
90%
North Sulawesi
90%
South Sulawesi
90%
West Java
90%
East Kalimantan
86%
West Sulawesi
86%
Central Sulawesi
83%
North Kalimantan
83%
Southeast Sulawesi
83%
South Kalimantan
83%
West Kalimantan
83%
Central Kalimantan
79%
North Maluku
76%
East Nusa Tenggara
72%
West Nusa Tenggara
69%
No matching quizzes found
Score Distribution
Percent of People with Each Score
Percentile by Number Answered
Your Score History
You have not taken this quiz